000 00393pab a2200169 454500
008 180718b2011 xxu||||| |||| 00| 0 eng d
100 _aHooda, Vijay Singh
245 _aKisan credit card scheme: A success story
260 _c2011
300 _ap.19-22.
362 _aJun
650 _aCredit
650 _aAgricultural credit
773 _aKurukshetra
908 _aN
909 _a91998
999 _c91998
_d91998